00999nam a2200229Ia 4500999001500000020001800015082001800033245007300051260002900124300001300153440002700166500018000193650004600373650002600419650003600445700003400481700002300515710004800538710003900586942000700625952013700632 c6773d6773 a9783598220418 a004.5019 IMP- 0aImpact of digital technology on contemporary and historic newspapers aMunchenbK.G. Saurc2008 axii, 222 aIFLA publications; 135 aproceedings of the International newspaper conference, Singapore, 1-2 April 2008, and papers from the IFLA world library and information congress, Quebed, Canada, August 2008  aNewspapersvConservation and restorations aDigital preservations aLibrary materialsvDigitization aNational Library of Singapore aWalravens, Hartmut aIFLA World Library and Information Congress aInternational Newspaper Conference cBK 00104070aNASSDOCbNASSDOCd2009-04-27eGifted by : IFLAi2009-03-27l0o004.5019 IMP-p45630r2020-08-31 00:00:00w2019-04-18yBK